F1 Drivers by Picture (1950s) - Statistics

General Stats
  • This quiz has been taken 42 times
  • The average score is 8 of 16
Answer Stats
Picture Answer % Correct
Juan Manuel Fangio
94%
Mike Hawthorn
81%
Stirling Moss
81%
Alberto Ascari
77%
Giuseppe Farina
74%
Jack Brabham
61%
Tony Brooks
52%
José Froilán González
48%
Peter Collins
42%
Birabongse Bhanudej
29%
Eugenio Castellotti
29%
Luigi Musso
29%
Maurice Trintignant
29%
Jo Bonnier
26%
Louis Chiron
19%
Jean Behra
13%
No matching quizzes found
Score Distribution
Percent of People with Each Score
Percentile by Number Answered
Your Score History
You have not taken this quiz